000 00610nam a2200193Ia 4500
003 OSt
005 20250909124013.0
008 220922b |||||||| |||| 00| 0 pan d
037 _cTB
040 _aARTS
_cARTS
_bpun
041 _2pun
_apun
084 _aO153,3xN L8
_qAL
100 _aਅੰਮ੍ਰਿਤਾ ਪ੍ਰੀਤਮ
_9820654
245 0 _aਆਪਣੇ ਆਪਣੇ ਚਾਰ ਵਰ੍ਹੇ
260 _c1978
650 _aਪੰਜਾਬੀ ਸਾਹਿਤ
_9820655
942 _hO153,3xN L8
_cTB
_2CC
_n0
999 _c385933
_d385933